| 000 | 00457nam a2200157Ia 4500 | ||
|---|---|---|---|
| 008 | 241228s9999 xx 000 0 und d | ||
| 020 | _a9781032168036 | 9781032168050 | ||
| 082 | _a006.3 SUB/A | ||
| 100 | _aSubramanian, Thiruselvan | ||
| 245 | 0 | _aArtificial intelligence, machine learning and blockchain in quantum satellite, drone and network | |
| 260 | _aBoca Raton, | ||
| 260 | _bCRC Press, | ||
| 260 | _c2023 | ||
| 300 | _axi, 232p. | ||
| 942 | _cBK | ||
| 999 |
_c40121 _d40121 |
||